000
00284nam a22001337a 4500
003
SGT
082
_a
617
_b
D09A
100
_a
ADELOYE, ADELOLA
245
_a
DAVEY'S COMPANION TO SURGERY IN AFRICA
250
_a
3RD
260
_a
NIGERIA
_b
AMP
_c
2009
300
_a
472
942
_2
ddc
_c
BK
999
_c
14051
_d
14051